O menino que não gostava de ler (Registo nº 2127)

Detalhes MARC
000 -Etiqueta do registo
Cabeçalho 00918nam a22003131 4500
005 - Identificador da versão
Campo de controlo 20240813121925.0
010 ## - Número internacional normalizado dos livros (ISBN)
Número (ISBN) 9722326937
021 ## - Número do Depósito Legal
Código do país PT
Número 160982/01
100 ## - Dados gerais de processamento
Dados gerais de processamento 20020612d20012000c y0pory5003 ba
102 ## - Pais de publicação ou produção
País de publicação Portugal
101 1# - Língua de publicação
Língua do texto, banda sonora, etc. Português
Língua do documento no original Italiano
106 ## - Campo de dados codificados: material textual
Dados codificados do material textual r
105 ## - Campo de dados codificados: livros
Dados codificados dos livros a z 000yy
215 ## - Descrição física 
Indicação específica da natureza do documento e extensão da espécie 38, [1] p.
Outras indicações físicas il.
Dimensões 25 cm
200 1# - Titulo e menção de responsabilidade
Título próprio O menino que não gostava de ler
Primeira menção de responsabilidade Susanna Tamaro
Outras menções de responsabilidade il. Ute Krause
-- trad. Luísa Jacquinet
225 2# - Colecção 
Título próprio da colecção Diversos.
Nome de uma parte ou secção Infantis
Indicação de volume 22
205 ## - Menção da edição
Menção da edição 2ª ed
210 ## - Publicação, Distribuição, etc. 
Lugar da edição, distribuição, etc. Lisboa
Nome do editor, distribuidor, etc. Presença
Data da publicação, distribuição, etc. 2001
304 ## - Notas relativas a título e menção de responsabilidade 
Texto da nota Tít. orig.: Papirofobia
606 ## - Nome comum usado como assunto
Número de registo de entrada de autoridade 0000001
Palavra de ordem Literatura estrangeira infantil
Subdivisão de assunto Conto
675 ## - Classificação Decimal Universal (CDU)
Notação 82-34
Edição
Língua da edição por
702 #1 - Nome de autor-pessoa física (responsabilidade secundária)
Número de registo de entrada de autoridade 0000887
Palavra de ordem Krause
Outra parte do nome não tomada para palavra de ordem Ute
Código de função Ilustrador / Técnico de desenho computorizado
Número de registo de entrada de autoridade 0000888
Palavra de ordem Jacquinet
Outra parte do nome não tomada para palavra de ordem Maria Luísa
Código de função Tradutor
700 #1 - Nome de autor-pessoa física (responsabilidade principal)
Número de registo de entrada de autoridade 0000886
Palavra de ordem Tamaro
Outra parte do nome não tomada para palavra de ordem Susanna
Datas 1957-
942 ## - Elementos de entrada adicionados (Koha)
Tipo de item no Koha Livro
Exemplares
Situação do levantamento Origin of item (home branch) (coded) Biblioteca de empréstimo Código de barras Cota Circulation type (not for loan) Tipo de documento Nota do exemplar Damaged status
  Biblioteca Escolar da Coca Maravilhas Biblioteca Escolar da Coca Maravilhas BECM5683/02 8EST TAM   Livro Sem mensagem